000 00288nam a22001337a 4500
999 _c529224
_d529224
003 NUST
038 _aMSOHAIL
082 _a0
100 _aAltaf Gohar
_99643
245 _aTranslation from the Quran
260 _aLahore
_bSang-e-Mill
_c2009
300 _a178,p;
_c22cm
942 _2ddc
_cBK